| 000 | 00527cam a2200205ua 4500 | ||
|---|---|---|---|
| 020 |
_a81-7328-036-3 _c105.00 |
||
| 041 |
_aeng _h |
||
| 082 |
_a001.42 _bKOT/RE |
||
| 100 | _aKothari, C R . | ||
| 245 |
_aResearch methodology: Methods and techniques / _cC R Kothari. _hTextual Documents |
||
| 250 |
_a1 / _b. |
||
| 260 |
_aNew Delhi : _bWishwa Prakashan , _c1989. |
||
| 300 | _a468 ; . | ||
| 365 | _a105.00 | ||
| 500 | _a19169 CSS | ||
| 504 | _a | ||
| 942 | _cBK | ||
| 999 |
_c10683 _d10683 |
||